=LDR 00000nam 2200000 4500 =001 INLIS000000000035074 =005 20130612140946 =008 ***********************************Ind** =035 ##$$0010-061300000035074 =041 ##$$a Ind =082 ##$$a 92 =090 ##$$a 92(Siauw), Sia s =100 ##$$a Siauw Giok Tjhan =245 ##$$a Siauw Giok Tjhan, Riwayat perjuangan seorang patriot membangun nasion Indonesia dan masyarakat Bhineka Tunggal Ika, Siauw Giok Tjhan =260 ##$$a 1999 $b Jakarta =300 ##$$a xxiv, 451 hlm, ilus, 20 cm =650 ##$$a Biografi - Perjuangan =850 ##$$a NBPNMAT